000 00618nam a22002177a 4500
999 _c16551
_d16551
003 OSt
005 20171006161209.0
008 171006b xxu||||| |||| 00| 0 eng d
020 _a9966447692
040 _aKABU
_cKABU
050 _aPL8702
_b.M84 2010
100 _aMweri, Jefwa G.
245 _aUtangulizi wa isimu
_cna Jefwa G. Mweri
250 _atoleo la kwanza
260 _aNairobi
_bKLB
_c2010
300 _axii, 106 p.
650 _aSwahili language
_xPhonetics
650 _aSwahili language
_xPhonology
650 _aSwahili language
_xMorphology
942 _2lcc
_cBK
_hPL8702
_i.M84 2010